[Event "Titled Tuesday intern op 19th Sep Early"]
[Site "Chess.com INT"]
[Date "2023.09.19"]
[Round "6"]
[White "Ahmad, Khagan"]
[Black "Kosteniuk, Alexandra"]
[Result "0-1"]
[WhiteElo "2306"]
[BlackElo "2523"]
[PlyCount "74"]
[EventDate "2023.09.19"]
[EventType "swiss (blitz)"]
[EventRounds "11"]
[EventCountry "USA"]
[SourceTitle "EXT 2024"]
[Source "ChessBase"]
[SourceDate "2023.10.10"]
[SourceVersion "1"]
[SourceVersionDate "2023.10.10"]
[SourceQuality "1"]

1. c4 Nf6 2. Nf3 e6 3. d4 d5 4. g3 dxc4 5. Bg2 Nc6 6. 0-0 Rb8 7. Nc3 a6 8. e4 Be7 9. d5 Nb4 10. Ne5 exd5 11. exd5 Bf5 12. Nxc4 Bd3 13. d6 cxd6 14. Re1 Bxc4 15. Qa4+ b5 16. Qxb4 d5 17. Bd2 Kf8 18. Rxe7 Qxe7 19. Qa5 Qd8 20. Qb4+ Kg8 21. Bg5 h6 22. Bf4 Rc8 23. Qa3 a5 24. b4 d4 25. Rd1 a4 26. Be5 d3 27. Bf3 h5 28. Qb2 Rh6 29. Rd2 Qd7 30. Nd1 Re8 31. Ne3 Rg6 32. a3 Ng4 33. Nxg4 hxg4 34. Be4 Rge6 35. Bf5 Qd5 36. Bxe6 Rxe6 37. Qd4 Rxe5 0-1

[Event "Titled Tuesday intern op 19th Sep Early"]
[Site "Chess.com INT"]
[Date "2023.09.19"]
[Round "2"]
[White "Kadric, Denis"]
[Black "Ahmad, Khagan"]
[Result "1-0"]
[WhiteElo "2586"]
[BlackElo "2306"]
[PlyCount "116"]
[EventDate "2023.09.19"]
[EventType "swiss (blitz)"]
[EventRounds "11"]
[EventCountry "USA"]
[SourceTitle "EXT 2024"]
[Source "ChessBase"]
[SourceDate "2023.10.10"]
[SourceVersion "1"]
[SourceVersionDate "2023.10.10"]
[SourceQuality "1"]

1. e4 c5 2. Nc3 d6 3. Nge2 Nc6 4. d4 cxd4 5. Nxd4 g6 6. Be3 Bg7 7. Bc4 Nf6 8. f3 0-0 9. Bb3 Bd7 10. h4 h5 11. Qd2 Rc8 12. 0-0-0 Ne5 13. g4 hxg4 14. h5 Nxh5 15. Bh6 Rxc3 16. bxc3 Qa5 17. Kb1 Nxf3 18. Nxf3 gxf3 19. Bxg7 Kxg7 20. Rdg1 Qe5 21. Rh4 Rh8 22. Kb2 Qf6 23. Rh2 Bb5 24. Rf2 Be2 25. Rg4 Qe5 26. Bd5 Nf6 27. Rg5 Nxe4 28. Rxe5 Nxd2 29. Rxe7 Rf8 30. Kc1 Nc4 31. Bxf3 Bxf3 32. Rxf3 Ne5 33. Rf2 g5 34. Rxb7 g4 35. Rxa7 Rc8 36. Ra6 Rxc3 37. Rxd6 Re3 38. Rd4 g3 39. Rg2 f5 40. a4 Re1+ 41. Kb2 Re3 42. a5 Kf6 43. a6 Nc6 44. Rd6+ Kg5 45. Rxc6 f4 46. a7 Re8 47. Ra6 Ra8 48. Kc3 Kg4 49. Kd3 f3 50. Rg6+ Kf4 51. R2xg3 Rxa7 52. R3g4+ Kf5 53. R6g5+ Kf6 54. Rd5 Ra1 55. Rf4+ Ke6 56. Rdd4 Rd1+ 57. Ke3 f2 58. Rxd1 f1Q 1-0